Strings of Letters #5 - Statistics

General Stats
  • This quiz has been taken 67 times
  • The average score is 17 of 30
Answer Stats
Hint Answer % Correct
hum A dip made of chickpeas and other ingredients. Hummus
95%
pea To pass out of sight; vanish. Disappear
87%
pan A small room or closet, off a kitchen. Pantry
83%
hum The digit next to the index finger. Thumb
82%
hum To remove from a grave. Exhume
80%
dish A mustard relative with a fleshy edible root. Radish
78%
pea To produce words by means of sounds. Speak
75%
ump A round, often large squash with a usually orange rind. Pumpkin
68%
pot A ruler with absolute power. Despot
67%
pot All-powerful. Omnipotent
65%
pan A wrench, in the UK. Spanner
63%
pot Capable of being but not yet in existence. Potential
62%
pea A resort to a higher authority or greater power. Appeal
60%
hum A dance with complex rhythms originating in Cuba. Rhumba
60%
pea To placate. Appease
58%
pan Broad in size or extent; comprehensive. Expansive
55%
ump A dull, plain, or unfashionable girl or woman. Frump
53%
dish Being excessively concerned with propriety or modesty. Prudish
53%
pan A colorless gas widely used as a fuel. Propane
50%
ump A slightly sour black bread, originating in Germany. Pumpernickel
50%
ump Something taken for granted or accepted as true without proof. Assumption
48%
dish To wave or flourish in a menacing way. Brandish
48%
pan Tunable kettledrums. Tympani
47%
dish Unkempt. Disheveled
45%
pea To bring formal charges against (a public official) for wrongdoing while in office. Impeach
43%
pot Lacking physical strength or vigor. Impotent
42%
pot Fruit stewed or cooked in syrup. Compote
40%
ump A small flat round of bread, baked on a griddle and usually served toasted. Crumpet
40%
dish To bring shame or disgrace upon. Dishonor
27%
hum A sub-Saharan African grass grown for grain, as forage, or as a source of syrup. Sorghum
17%
No matching quizzes found
Score Distribution
Percent of People with Each Score
Percentile by Number Answered
Your Score History
You have not taken this quiz